El extravio sexual de los Bonaporte (Record no. 141240)

MARC details
000 -LEADER
campo de control de longitud fija 00464nam a2200157 i 4500
001 - NÚMERO DE CONTROL
campo de control 141240
003 - IDENTIFICADOR DE NÚMERO DE CONTROL
campo de control ES-MaACL
005 - FECHA Y HORA DE LA ÚLTIMA TRANSACCIÓN
campo de control 20230906200243.0
007 - CAMPO FIJO DE DESCRIPCIÓN FÍSICA--INFORMACIÓN GENERAL
campo de control de longitud fija t|
008 - DATOS DE LONGITUD FIJA--INFORMACIÓN GENERAL
campo de control de longitud fija 070920s1921 sp ||||1| spa d
100 1# - ENTRADA PRINCIPAL--NOMBRE DE PERSONA
Nombre de persona Vivero, Augusto.
9 (RLIN) 115564
245 13 - MENCIÓN DEL TÍTULO
Título El extravio sexual de los Bonaporte
Resto del título : una familia extraña /
Mención de responsabilidad, etc. Augusto Vivero.
260 ## - PUBLICACIÓN, DISTRIBUCIÓN, ETC.
Lugar de publicación, distribución, etc. Madrid :
Nombre del editor, distribuidor, etc. [s.n.],
Fecha de publicación, distribución, etc. 1921 (
Fabricante Tip. El Imparcial)
300 ## - DESCRIPCIÓN FÍSICA
Extensión 308 p. ;
Dimensiones 20 cm.
852 ## - LOCALIZACIÓN
Ubicación ES-MaACL
Número de control de estantería B-11968
Holdings
Estatus retirado Estado de pérdida Estado de daño No para préstamo Biblioteca de origen Biblioteca actual Ubicación en estantería Fecha de adquisición Fuente de adquisición Total de préstamos Signatura topográfica completa Código de barras Visto por última vez Precio de reemplazo Tipo de ítem Koha
        Biblioteca del Ateneo de Madrid Biblioteca del Ateneo de Madrid Sala Pardo Bazán 17/01/2008     B-11968 1146963 23/02/2023 23/02/2023 Libro impreso